Ecologial census techniques: (Record no. 6089)
[ view plain ]
| 000 -LEADER | |
|---|---|
| fixed length control field | 00522nam a22001937a 4500 |
| 003 - CONTROL NUMBER IDENTIFIER | |
| control field | OSt |
| 005 - DATE AND TIME OF LATEST TRANSACTION | |
| control field | 20180419152715.0 |
| 008 - FIXED-LENGTH DATA ELEMENTS--GENERAL INFORMATION | |
| fixed length control field | 180419b xxu||||| |||| 00| 0 eng d |
| 020 ## - INTERNATIONAL STANDARD BOOK NUMBER | |
| International Standard Book Number | 0521635144 |
| 040 ## - CATALOGING SOURCE | |
| Transcribing agency | DDC. |
| 082 ## - DEWEY DECIMAL CLASSIFICATION NUMBER | |
| Classification number | 577.ECO 1997. |
| 100 ## - MAIN ENTRY--PERSONAL NAME | |
| Personal name | Sutherland,J.William; |
| 9 (RLIN) | 12608 |
| 245 ## - TITLE STATEMENT | |
| Title | Ecologial census techniques: |
| Remainder of title | A handbook; |
| 260 ## - PUBLICATION, DISTRIBUTION, ETC. (IMPRINT) | |
| Place of publication, distribution, etc. | UK; |
| Name of publisher, distributor, etc. | Cambridge University Press; |
| Date of publication, distribution, etc. | 1997. |
| 300 ## - PHYSICAL DESCRIPTION | |
| Extent | xv,336p; |
| Other physical details | col, ill; |
| Dimensions | 22cm |
| 504 ## - BIBLIOGRAPHY, ETC. NOTE | |
| Bibliography, etc | includes index. |
| 650 ## - SUBJECT ADDED ENTRY--TOPICAL TERM | |
| Topical term or geographic name as entry element | Biology. |
| 9 (RLIN) | 5602 |
| 942 ## - ADDED ENTRY ELEMENTS (KOHA) | |
| Source of classification or shelving scheme | Dewey Decimal Classification |
| Koha item type | Open Shelf |
| Withdrawn status | Lost status | Source of classification or shelving scheme | Damaged status | Not for loan | Home library | Current library | Date acquired | Source of acquisition | Inventory number | Total Checkouts | Full call number | Barcode | Date last seen | Date last checked out | Price effective from | Koha item type |
|---|---|---|---|---|---|---|---|---|---|---|---|---|---|---|---|---|
| Dewey Decimal Classification | MUST Main Library | MUST Main Library | 19/04/2018 | 17245 | 4 | 577.ECO 1997. | 2018-0233 | 10/03/2020 | 06/03/2020 | 19/04/2018 | Open Shelf | |||||
| Dewey Decimal Classification | MUST Main Library | MUST Main Library | 02/03/2020 | Purchase | 2002/17247 | 577.ECO 1997. | 2020-0614 | 11/03/2020 | 02/03/2020 | Open Shelf | ||||||
| Dewey Decimal Classification | MUST Main Library | MUST Main Library | 31/08/2021 | Purchase | 02/17246 | 577.ECO 1997. | 2021-0744 | 31/08/2021 | 31/08/2021 | Open Shelf |
